000 00508nam a2200169 i 4500
001 72794
003 ES-MaACL
005 20230906171547.0
007 t|
008 040903s1974 sp ||||1| spa d
100 1 _aGoffi, Tullo.
_957586
245 1 0 _aEtica sexual cristiana /
_cTullo Goffi ; [tradujo, Germán González Domingo].
260 _a[Salamanca, etc.] :
_bSígueme,
_c1974.
300 _a127 p. ;
_c19 cm.
700 1 _aGonzález Domingo, Germán.
_958603
852 _aES-MaACL
_jC-56174
_bR.88737
999 _c72794
_d72794